| 000 | 00917nam a22002297a 4500 | ||
|---|---|---|---|
| 005 | 20180219112516.0 | ||
| 010 | _aB-689587 | ||
| 020 |
_c1650.00 _a9789351438427 |
||
| 035 | _aB-689587 | ||
| 037 |
_adpl _bKKP |
||
| 082 | _a344.05 | ||
| 100 | _aRao, A.S. Ramachandra | ||
| 245 |
_aCommentary on the prevention of corruption act : _cby A.S. Ramachandra Rao _ba treatise on anti-corruption laws / |
||
| 250 | _a3rd ed | ||
| 260 |
_aDelhi _bUniversal Law Publishing _c2016 |
||
| 270 |
_aLexisNexis, 14th Floor, Building No.10, DLF Cyber City, Phase-II _bGurgaon _e122002 |
||
| 300 |
_axcii,1321p. _c25cm(Hb) |
||
| 500 | _aIncludes index | ||
| 505 | _a(Rashtrapati Bhawan) | ||
| 942 |
_2ddc _cEN _mRAO _h344.05 |
||
| 999 |
_c150019 _d150019 |
||